[Event "WCPL:Nidum-Cardiff"]
[Site "?"]
[Date "2017.11.05"]
[Round "2.5"]
[White "Sivarajasingam, Venetia"]
[Black "Jones, Ian Robert"]
[Result "0-1"]
[WhiteElo "1713"]
[BlackElo "1956"]
[Annotator "andre"]
[PlyCount "118"]
[SourceDate "2017.10.24"]

1. e4 Nc6 2. d4 d5 3. exd5 Qxd5 4. Nf3 e5 5. Nc3 Bb4 6. Bd2 Bxc3 7. Bxc3 e4 8.
Ne5 Nxe5 9. dxe5 Ne7 10. Qxd5 Nxd5 11. Bd4 Be6 12. g3 Nb4 13. O-O-O Bg4 14. Re1
Bf3 15. Rg1 O-O-O 16. Bc5 Nc6 17. Bh3+ Kb8 18. Be3 Nxe5 19. Bf4 Nc6 20. c3 Rhe8
21. Bf1 Ne5 22. Bxe5 Rxe5 23. Be2 Bxe2 24. Rxe2 f5 25. f3 Rde8 26. Rge1 c6 27.
fxe4 fxe4 28. Kd2 Rb5 29. Kc2 Rbe5 30. Kd2 g6 31. Ke3 Kc7 32. Rd1 Rf5 33. Rde1
h5 34. Kd2 Rd5+ 35. Kc2 Rde5 36. Kd2 a5 37. c4 Kb6 38. Kc3 Kc5 39. a4 R8e6 40.
Re3 g5 41. R1e2 Kd6 42. Re1 Ke7 (42... Re7 43. R1e2) 43. R1e2 Kf6 44. Rf2+ Rf5
45. Rfe2 Rf3 46. Kd4 Rxe3 47. Rxe3 Kf5 48. Re2 Rd6+ 49. Ke3 Rd3+ 50. Kf2 Ke5
51. Rc2 Kd4 52. Ke2 c5 53. Kf2 h4 54. g4 e3+ 55. Kf3 Rd2 56. Rxd2+ exd2 57. Ke2
Kxc4 58. Kxd2 Kb3 59. Kc1 Kxa4 0-1

[Event "WCPL: White Knights-Cardigan"]
[Site "?"]
[Date "2017.11.05"]
[Round "2.7"]
[White "Williams, A.Howard"]
[Black "Pleasants, Allan J"]
[Result "1-0"]
[WhiteElo "2260"]
[BlackElo "2144"]
[Annotator "Rudy"]
[PlyCount "45"]
[EventDate "2017.11.06"]
[SourceDate "2017.10.24"]

1. d4 g6 2. c4 Bg7 3. Nc3 c5 4. Nf3 {not discussed in Storey} (4. d5 Bxc3+ {I
love this move-Charlie Storey- The Sniper 2011:152} 5. bxc3 Qa5 (5... f5 {main;
Storey} 6. f3 {Van Kemenade-Dougherty, Isle of Man 2002,1-0}) 6. e4 (6. Qc2 {
main}) 6... Qxc3+ {not liked by Storey as it brings the B to life} 7. Bd2 Qg7)
4... cxd4 5. Nxd4 Nc6 6. Nc2 Bxc3+ {main} (6... Nf6 7. e4 {is a Maroczy bind,
Sicilian}) 7. bxc3 Qa5 8. e4 (8. Bd2 Nf6 9. f3 d6 10. e4 {main}) 8... Qxc3+ {
12 games} (8... Nf6 {declined in 41 games}) 9. Bd2 Qg7 $146 (9... Qe5 {Cloud
Engines; invariably played eg} 10. Bd3 Nf6 11. f4 Qh5 12. Ne3 Qxd1+ 13. Rxd1
O-O 14. Nd5 Ne8 15. Bc3 d6 16. c5 dxc5 17. Bb5 e6 18. Bxc6 exd5 19. Bxd5 Nc7
20. Bb3 Be6 {Gawain Jones-Fier, NZL op Auckland 2016,1/2-1/2}) 10. Be2 (10. Bd3
$11 {Stockfish110915}) (10. Ne3 $11 {Stockfish8}) (10. Qc1 $11 {Komodo11})
10... Nf6 11. Bc3 d6 12. O-O O-O 13. f4 (13. Ne3 {Komodo11}) 13... e5 {
Komodo11 second line} (13... g5 {Komodo11 , first line}) 14. Qd3 (14. Bf3 Qh6
15. Qxd6 Be6 16. f5 Rad8 17. Qc5 Bc8 18. Nb4 $14 {Komodo11}) (14. Qxd6 $2 Nxe4
15. Qa3 Nxc3 16. Qxc3 Be6 $19) 14... Nxe4 15. Qxe4 Bf5 16. Qd5 Bxc2 $15 17.
Qxd6 (17. Bg4 g5 18. fxg5 Qxg5 19. Rf3 Kh8 20. Rg3 Qe7 21. Re1 f6 $17 {Komodo11
}) 17... Rad8 (17... Rfd8 18. Qa3 (18. Qc7 Nd4 $19) 18... Nd4 19. Rfe1 Qh6 20.
Bxd4 exd4 21. Bd3 Bxd3 22. Qxd3 Qxf4 $17 {Komodo11}) 18. Qc7 (18. Qc5) 18...
Nd4 19. Rfe1 (19. Rae1 e4 20. Qa5 (20. Bd1 Bd3 $19) 20... Qf6 21. c5 b6 22.
cxb6 Qxb6 23. Qxb6 axb6 24. Bd1 Bxd1 25. Bxd4 Rxd4 26. Rxd1 Ra4 27. Rf2 Rfa8
28. Rb1 R8a6 $17 {Komodo11}) 19... exf4 $17 (19... e4 $17 {Komodo11} 20. Qa5 b6
21. Qa3 Bd3 22. Bxd3 exd3 23. Kh1 Qh6 24. Qe7 d2 25. Red1 Qxf4 26. Bxd2 Qg4 $17
) 20. Kh1 Rfe8 $6 (20... Qf6 21. Qxb7 Qf5 22. Bxd4 Rxd4 23. Qxa7 Rfd8 24. Bf3
Be4 25. Rad1 Rxd1 26. Rxd1 Rxd1+ 27. Bxd1 f3 28. Qb8+ Kg7 29. Qb2+ f6 30. gxf3
Bxf3+ 31. Bxf3 Qxf3+ 32. Qg2 (32. Kg1 Qg4+ 33. Qg2 Qxc4 $17) 32... Qd3 33. a4
h5 34. h3 Qxc4 $15 {Komodo11}) 21. Bf3 $14 Rc8 $2 (21... Ne6 22. Qxd8 Rxd8 23.
Bxg7 Kxg7 24. Bxb7 Rd2 25. Bd5 Kf6 26. Rf1 g5 27. Kg1 $16) 22. Rxe8+ Rxe8 23.
Qd7 (23. Bd5 $1 Rf8 24. Qxb7 $18 {Komodo11}) (23. Qxb7 Qf6 24. Qb2 Rd8 25. Bd5
$18 {Komodo11}) (23. Qd7 Qe5 24. Bxd4 (24. Bxb7 Bf5 25. Qxd4 Qxd4 26. Bxd4 $18)
24... Bf5 25. Qa4 $18) 1-0

[Event "WCPL: White Knights-Cardigan"]
[Site "?"]
[Date "2017.11.05"]
[Round "2.8"]
[White "Garcia, Jason"]
[Black "Jones, Iolo C"]
[Result "1/2-1/2"]
[WhiteElo "2042"]
[BlackElo "2207"]
[Annotator "Rudy"]
[PlyCount "42"]
[EventDate "2017.11.06"]
[SourceDate "2017.10.24"]

1. e4 e5 2. Nf3 Nf6 3. d4 Nxe4 4. Bd3 d5 5. Nxe5 Nd7 6. Nxd7 (6. Nc3 Nxe5 7.
dxe5 Nxc3 8. bxc3 c6 {Van Kemenade-Jones, Dyfed League 2014,1/2-1/2}) 6... Bxd7
7. O-O (7. Nc3 Nxc3 8. bxc3 Be7 9. Qh5 Be6 {Young- Saunders, WCPL 16-17, 0-1})
7... Be7 {'At first sight a natural developing move, but it again allows White
to force the knight to retreat to f6' Janjgava The Petroff 2001:57 - who also
describes 7..Nf6 as 'this passive move falls in with White's plans. Although
both moves continue to have their defenders.} (7... Bd6 {is the latest fashion,
sacrificing the d5 pawn} 8. c4 c6 9. cxd5 cxd5 10. Nc3 (10. Qh5 O-O) 10... Nxc3
11. bxc3 O-O 12. Qh5) (7... Qh4 8. c4 O-O-O {an older line}) 8. c4 (8. Re1 f5 (
8... Nf6 {main}) 9. Qe2 Kf7 10. f3 Nf6 11. c4 c6 12. Nc3 $16 {Cunliffe-Jones,
WCPL 2006,0-1}) 8... Nf6 9. Nc3 dxc4 {' The resulting isolated d-pawn position
promises White a slight advantage as he is able to develop all his pieces very
easily' Janjgava 2001:58; & who prefers the alternative} (9... Be6 10. c5 {
still gives White an edge}) 10. Bxc4 O-O 11. Bf4 (11. Re1 {main} c6) 11... Ne8
$146 (11... c6 12. Re1 Bg4 {several correspondence games}) (11... Bd6 {given
by Janjgava,Cloud Engines} 12. Be5 (12. Bxd6 cxd6 13. Qb3 Rb8 14. a4 $11 {
Muzychuk-Kosteniuk, Beijing Sportaccord rapid 2011,1/2-1/2}) 12... Ng4 {
Palac-Zaja, CRO ch , Pula 2000,1/2-1/2}) 12. Ne4 $14 (12. Re1 Bd6 13. Be5 $16 {
Komodo11}) 12... Bf5 (12... Nd6) 13. Re1 Nd6 (13... Bxe4 {Rudy & Komodo11} 14.
Rxe4 Nd6 15. Bxd6 Qxd6 $11) 14. Nxd6 Bxd6 15. Be5 (15. Qf3 $14 {Fritz11 SE &
Komodo11}) 15... Qd7 (15... c6 {Komodo11}) 16. Qf3 (16. Qb3 $14 {both Engines})
16... Rab8 (16... Be6) 17. Bxd6 cxd6 18. Re3 (18. h3) (18. a4) (18. Rac1) 18...
Rfe8 19. Rae1 Rxe3 20. Qxe3 Kf8 21. a3 (21. Qf3 $14) 21... Re8 $11 1/2-1/2

[Event "WCPL: White Knights-Cardigan"]
[Site "?"]
[Date "2017.11.05"]
[Round "2.9"]
[White "Heap, Gerry"]
[Black "Young, Alan"]
[Result "1-0"]
[WhiteElo "2081"]
[BlackElo "2032"]
[Annotator "Rudy"]
[PlyCount "77"]
[EventDate "2017.11.06"]
[SourceDate "2017.10.24"]

1. c4 e5 2. Nc3 Nf6 3. g3 d5 4. cxd5 Nxd5 5. Bg2 Nb6 6. Nf3 Nc6 7. a3 (7. O-O
Be7 8. a3 O-O 9. b4 Be6 10. Rb1 a6 11. d3 {Heap- IC Jones, Dyfed Open 2015,0-1
( though Wh went wrong after being 2 pawns up)}) 7... Be7 8. b4 Be6 9. Rb1 f6 {
main} 10. O-O O-O 11. d3 a5 12. b5 Nd4 13. Nd2 Qc8 14. e3 Nf5 15. Qc2 {main} (
15. Bb2 Rd8 16. Qc2 a4 17. Rfc1 Nd6 18. Ba1 $2 (18. Nde4 {main, 99 games})
18... Ra5 19. Nde4 Ne8 20. Ne2 Bxa3 {Heap-Hewitt,Dyfed Closed 2015,1/2-1/2})
15... Nd6 (15... Rd8) (15... a4 {main lines}) 16. a4 (16. Nce4) (16. Nde4)
16... Bh3 (16... Rd8 17. Ba3 Nf5 18. Bb2 c6 19. bxc6 bxc6 20. Rfd1 Nd5 21. Nc4
Nb4 22. Qe2 Qa6 $11 {Ghosh(2473)-Vignesh(2268), IND ch U15, Kolkota 2013,1-0})
(16... Nf7 $11 {Cloud Engines}) 17. Ba3 $14 Bxg2 18. Kxg2 f5 (18... Qe6) 19.
Qb3+ $16 Kh8 20. Nd5 Nxd5 21. Qxd5 f4 (21... Rd8 22. Qxe5 Bf6 23. Qc5 Nf7 24.
d4 $16 {Komodo11}) 22. Qxe5 Bf6 (22... fxe3 23. fxe3 Qd7 24. Rbc1 $18 {Komodo11
}) 23. Qh5 (23. Qd5 $18 {Komodo11}) 23... Qe6 24. exf4 $18 {Komodo11} (24. gxf4
$18) 24... Qa2 25. Bxd6 cxd6 26. Ne4 (26. Nc4 {also}) 26... Qxa4 27. Nxf6 Rxf6
28. Qd5 Rb8 29. Rfc1 h6 30. Rc7 (30. Rc4 Qa3 31. b6 a4 32. Rc7 {Komodo11})
30... b6 31. Rbc1 (31. Re1 Rg8 32. Rc6) 31... Rbf8 32. Re1 (32. Rc8) 32... Rg6
33. Re4 (33. Rf7 Rg8 34. Qf5 {wins a R; Komodo11} Kh7 35. Re6) 33... Qa1 34.
Rc6 Rb8 35. Rxd6 Rf6 36. Re5 (36. Rd8+ Rf8 37. Rxf8+ Rxf8 38. Re6 $18 {Komodo11
}) 36... a4 37. Rxf6 gxf6 38. Re7 Rf8 39. Qf5 1-0

[Event "WCPL: White Knights-Cardigan"]
[Site "?"]
[Date "2017.11.05"]
[Round "2.10"]
[White "Hewitt, William"]
[Black "Van Kemenade, Rudy"]
[Result "1-0"]
[WhiteElo "2003"]
[BlackElo "1978"]
[Annotator "Rudy"]
[PlyCount "57"]
[EventDate "2017.11.06"]
[SourceDate "2017.10.24"]

1. e4 e5 2. Nf3 Nf6 (2... Nc6 3. d4 exd4 4. Nxd4 Nf6 5. Nc3 Bb4 6. Nxc6 bxc6 7.
Bd3 {Hewitt-Van Kemenade, Dyfed Closed 2016,1/2-1/2}) 3. Nc3 (3. Nxe5 d6 4. Nf3
Nxe4 5. d4 (5. Nc3 d5 6. d4 Bb4 7. Bd2 Nxd2 8. Qxd2 O-O {Hewitt-Van Kemenade,
Welsh Blitz ch, 2017, 0-1}) 5... d5 6. Bd3 Nc6 7. O-O Bg4 8. c4 Nf6 9. Nc3 Bxf3
10. Qxf3 Nxd4 11. Qh3 {Hewitt-Van Kemenade, WCPl 2012,0-1}) 3... d6 4. d4 Nbd7
5. Bc4 Be7 6. O-O h6 (6... c6 7. a4 Qc7 8. a5 h6 9. Re1 {transposes}) 7. Re1 c6
8. a4 Qc7 9. a5 (9. h3 {main}) 9... Nf8 10. Bb3 $146 (10. Qd3 g5 11. dxe5 dxe5
12. Ne2 Be6 13. Ng3 Rd8 {Simonian-Zboril,Marianske Lazne 2011,1-0}) (10. Nh4 {
main, eg} g6 11. Qd3 Be6 12. d5 {Thornton-Rivzi,WLS corr 2017, 1-0}) (10. d5 {
other main}) 10... g5 (10... Be6 $14 {Komodo11}) 11. Qd3 Ng6 12. Qc4 Bd8 (12...
O-O {Komodo11} 13. Nd5 Qd7 14. Nxf6+ Bxf6 15. Be3 Qc7 16. h3 Be6 17. d5 Bd7 18.
dxc6 bxc6 19. Red1 Be7 $14) 13. Be3 Nh5 {missing a tactic, that Komodo11
doesn't spot instantly either} (13... O-O $14 14. h3 (14. dxe5 dxe5 15. Bb6 $2
axb6 16. axb6 Qb8 $19) 14... Be6 15. Qd3 (15. d5 cxd5 16. exd5 Qxc4 17. Bxc4
Bd7 $11) 15... Bxb3 16. cxb3 Be7 17. Rec1 Rfd8 $14 {Komodo11}) (13... Be6 {
considered} 14. d5 cxd5 15. exd5 Qxc4 16. Bxc4 Bd7 17. Nb5 Bxb5 18. Bxb5+ Ke7 (
18... Kf8 {Komodo11} 19. a6 bxa6 20. Rxa6 Nxd5 21. Rxd6 Nxe3 22. fxe3 Bb6 23.
Rd5 Rc8 24. c4 Kg7 25. Nxe5 Nxe5 26. Rxe5 Rhd8 $14) 19. a6 bxa6 (19... b6 20.
Bd2 Kf8 21. Bb4 Be7 22. Bc6 Rd8 23. Ra3 Ne8 $14) 20. Bc6 Rb8 21. Rxa6 {pm
analysis} Rxb2 22. Rxa7+ Kf8 23. Rc1 Ng4 $11 {Komodo11}) 14. dxe5 dxe5 15. Bb6
Be6 (15... Qe7 16. Bxd8 Kxd8 17. a6 $1 {Komodo11} (17. Qxf7 Qxf7 18. Bxf7 Nhf4
19. g3 Nh3+ 20. Kg2 g4 21. Bxg6 gxf3+ 22. Kxf3 Rf8+ 23. Bf5 Ng5+ 24. Kg2 Bxf5
25. exf5 Rxf5 26. f4 $18 {Komodo11}) 17... Ke8 18. Ra5 Be6 19. axb7 Qxb7 20.
Qc5 Bxb3 21. cxb3 f6 22. Nd2 Kf7 23. Rea1 a6 24. Nc4 Kg7 25. g3 $18 {Komodo11})
16. Qxe6+ (16. Bxc7 {preferred by Komodo11} Bxc4 17. Bxd8 Bxb3 18. g4 $1 Nhf4
19. Bf6 Bxc2 20. Bxh8 Nxh8 21. a6 $18) 16... fxe6 17. Bxc7 Bxc7 18. Bxe6 {Bl
has a bit of compensation in that the extra f pawn will be difficult to
mobilize in view of Bl's control over f4, Also the opposite colour Bs give
some play- for both sides} (18. a6 b5 19. Bxe6) 18... Nhf4 (18... Ke7 19. Bf5
Kf7 20. b4 $16 {Komodo11}) 19. Bc4 (19. Bf5 {Rudy & Komodo11 looks stronger,
though Bill thought Bl had Nh4in reply} Kf7 (19... Ne7 20. a6 (20. Rad1 {
Komodo11} Bxa5 21. Nxe5 O-O 22. Bg4 h5 23. g3 hxg4 24. gxf4 Rxf4 25. Rd7 Bxc3
26. bxc3 Kf8 27. Rxb7 a5 28. Rb3 a4 29. Ra3 $16 {Komodo11}))) 19... O-O-O $14 (
19... Ke7 {thought of in retrospect, to keep the B under surveillance} 20. g3
Nh3+ 21. Kg2 g4 22. Nd2 h5 23. Nd1 Rad8 24. Bd3 Ng5 25. Ne3 $16 {Komodo11}) (
19... g4 20. Nd2 O-O-O 21. Nb3 (21. Nf1 Rd4 22. Ne3 Nh4 23. Bf1 h5 24. Red1
Rhd8 25. a6 b5 $14 {Komodo11}) 21... Rhf8 22. Rad1 Bd6 23. Ne2 h5 24. c3 b5 25.
axb6 axb6 26. Ng3 Nh4 27. Bf1 Kc7 $14 {Komodo11}) 20. Red1 Rxd1+ (20... g4 21.
Ne1 (21. Nd2 Rhf8 $14) 21... Rd4 22. Bf1 (22. Bf7 Rf8 23. Bxg6 Nxg6 24. Rxd4
exd4 25. Ne2 Re8 26. f3 c5 $14 {Komodo11}) 22... h5 23. f3 Rhd8 24. g3 Ne6 25.
h4 Rxd1 26. Nxd1 gxf3 27. Bh3 Ngf8 28. Nxf3 Kb8 29. Ne3 $16 {Komodo11}) 21.
Nxd1 g4 22. Ne1 (22. Nd2 {was what Bl was hoping for, but seen by Wh} Bxa5 23.
Rxa5 Rd8 {recovers the piece} 24. Bd5 $1 {Komodo11} cxd5 25. Ne3 dxe4 26. Nxe4
Kb8 27. g3 b6 28. Ra1 Ne6 29. Nxg4 $18) 22... Rd8 (22... h5 23. f3 $16) 23. Ne3
$18 Rd4 (23... h5 24. h3 $1 gxh3 25. g3 Kb8 (25... Ng2 26. N1xg2 hxg2 27. Bf7
$18) 26. gxf4 exf4 27. Nf5 Bxa5 28. Rxa5 Rd1 29. Kh2 (29. Kf1 $2 Rxe1+ 30. Kxe1
h2 $19) 29... Rxe1 30. Bf7 $18 {Komodo11}) 24. g3 (24. Kf1 $1 Rxe4 (24... Ne7
25. g3 Rxe4 26. gxf4 exf4 27. Bd3 Re6 28. Nf5 $18) 25. g3 Rd4 26. gxf4 exf4 27.
Be6+ Kb8 28. Nxg4 $18 {Komodo11}) 24... Nh3+ 25. Kg2 h5 (25... Ng5 {Gerry} 26.
c3 Rd2 27. Nxg4 Rxb2 (27... Nxe4 28. Be6+ Kb8 29. Bf5 $18) 28. h4 Nxe4 29. Be6+
Kb8 30. Bf5 $18 {Komodo11}) 26. Bf7 Ngf4+ {best try} 27. gxf4 Rd2 (27... exf4 {
first idea} 28. Bxh5 {Bill & Komodo11} (28. Nd1 f3+ 29. Kf1 Nf4 30. Nd3 Nxd3
31. cxd3 Bxh2 32. Bxh5 g3 (32... Rxd3 33. Bxg4+ Kc7 34. Ne3 $18) 33. fxg3 Bxg3
34. Ra3 $18) (28. Nf1 $2 {to prevent Rd2} f3+ 29. Kh1 (29. Nxf3 Nf4+ 30. Kg3 (
30. Kh1 gxf3 $17) 30... Ng6+ 31. Kg2 Nf4+ {repetition}) 29... Nxf2+ 30. Kg1
Nh3+ 31. Kh1 Nf2+ {repetition} (31... Rxe4 32. Nd3 h4 33. Bg6 Re5 34. Ra4 Kb8
35. Rxg4 Re1 36. Nxe1 Nf2+ 37. Kg1 Nh3+ {Komodo11})) 28... fxe3 29. Bxg4+ Kb8
30. Bxh3 $18 e2 31. Bg4 (31. Nd3) 31... Rxe4 32. h3 $18) 28. f5 $1 {after some
thought; Komodo11} Nxf2 (28... Rxf2+ 29. Kg3 (29. Kh1 $18) 29... Re2 30. N1g2
Nf4 31. Re1 $18 {pm analysis}) 29. Nc4 1-0

[Event "WCPL: White Knights-Cardigan"]
[Site "?"]
[Date "2017.11.05"]
[Round "2.11"]
[White "Haigh, Tony"]
[Black "May, Adam J"]
[Result "0-1"]
[WhiteElo "1823"]
[BlackElo "1939"]
[Annotator "Rudy"]
[PlyCount "62"]
[SourceDate "2017.10.24"]

1. d4 d5 2. Nf3 Nf6 3. c4 e6 4. Nc3 Bb4 5. Qc2 (5. Bg5) (5. cxd5) (5. e3 {main
lines}) 5... dxc4 (5... O-O) (5... c5 {main lines}) 6. e3 (6. e4 {sharper line}
b5 7. a4 c6 8. Be2 Bb7 9. O-O a6 10. Bg5 (10. e5)) (6. a3 {Cloud Engines, has
been played}) 6... b5 7. Bd2 (7. a4 c6 8. Bd2 a5 9. axb5 {Cloud Engines;
mostly corr games#} Bxc3 10. Bxc3 cxb5 11. b3 Bb7 12. bxc4 b4 13. Bb2 (13. Bd2
{Vilardebo Picurena-Noteboom, Prague ol 1931, 0-1 ( originating from a
semislav)}) 13... Nbd7) 7... c6 8. Be2 Bb7 9. a4 (9. O-O $11 {but 0-2}) 9... a5
(9... Bxc3 10. Bxc3 (10. bxc3 $5) 10... O-O 11. b3 {Komodo11} cxb3 12. Qxb3 a6
13. O-O Nbd7 14. Bb4 Re8 15. Rac1 Nd5 16. Ba3 N7b6 17. a5 Nd7 18. Bb4 Nxb4 19.
Qxb4 Rc8 $15 {Sixthofer-Milanesi, Feffernitz Raika op 1997,0-1}) 10. O-O Bxc3 (
10... Qb6 $11 {Cloud Engines, Pachman-Wright, Southsea1949, 1-0}) 11. Bxc3 $146
(11. bxc3 $14 {but 0.5-2.5 eg} O-O 12. Rfb1 $14 Ne8 13. e4 Ra7 14. Bf4 Nd7 15.
axb5 cxb5 16. Rxb5 $18 {yet Krzeminski-Karpacz, POL ch tm U20 2012,0-1}) 11...
Nbd7 12. Bd2 O-O $11 {this position has been looked at by Engines in 2012 &
2015} 13. Ng5 (13. e4 $11) 13... h6 14. Ne4 Nxe4 (14... Qc7 $15) 15. Qxe4 e5
16. dxe5 (16. axb5 Nf6 17. Qxe5 Re8 18. Qf5 Bc8 19. Qc2 cxb5 20. Bf3 Ra6 21.
Rfd1 Nh7 22. e4 $11 {Komodo11}) 16... Nc5 17. Qc2 Nxa4 (17... Qc7 $11) 18. Bxc4
(18. e6 fxe6 19. Bxc4 bxc4 20. Rxa4 c5 21. f3 Bc6 22. Ra3 a4 23. e4 Bb5 24. Bc3
$11 {Komodo11}) (18. Rxa4 bxa4 19. Bc3 Ba6 20. e6 fxe6 21. Qg6 Rf6 22. Qg4 a3
23. bxa3 Rf7 24. Qxe6 Qd5 25. Qg6 $11 {Komodo11}) 18... Nxb2 19. Bxf7+ $6 {
this recovers a pawn, but helps the Bl pieces gain activity. It alsoleaves the
Bl Q side pawn mass intact.} (19. Qxb2 bxc4 20. Bc3 Bc8 21. e6 Bxe6 22. Bxg7
Rb8 23. Qc3 Rb3 24. Qe5 Rb5 25. Qc3 Rb3 $11 {its dangerous for Bl to deviate
because of the terribly weak bl squares around Bl's K}) 19... Rxf7 $17 20. Qxb2
b4 (20... c5 $17 {Komodo11; Bl's pawns are mobile, in contrast to Wh's}) 21. e4
Qd3 (21... c5) 22. Be3 (22. f3) (22. e6 $5 {opens the long diagonal}) 22...
Qxe4 23. Bb6 (23. Bc5 Rf5 24. Bd6 c5 $17) 23... Re7 (23... c5 $19 24. f3 Qc6
25. Bxa5 Qb5 26. Qa2 b3 27. Qa4 Qxa4 28. Rxa4 Bd5 {and Bl will win the B on a5;
Komodo11}) 24. Rfe1 (24. Qb3+ Kh7 25. Rfe1 Qf5 26. Qe3 Rae8 27. f4 g5 28. Rxa5
c5 $1 (28... gxf4 29. Qe4 Qxe4 30. Rxe4 b3 31. Rb4 $11) 29. Qxc5 gxf4 30. e6
Qg6 31. Qf5 Rxe6 32. Rxe6 Rxe6 33. Bd4 b3 $17 {Komodo11}) 24... Qd5 25. Rad1
Qb5 (25... Qf7 $15) (25... Qc4 26. Rc1 Qe6 $15) 26. Qb3+ {missing a chance it
seems} (26. Bd8 $18 {Komodo11} Re6 (26... Rf7 27. e6 Rf8 28. Rd7 {mating}) 27.
Qb3 Bc8 28. Bf6 $1 Qb6 29. Rd8+ {winning the Q or mating} Kf7 (29... Kh7 30.
Qd3+ g6 31. Rh8#) 30. Qg3 Rxf6 31. exf6 g5 32. Re7+ Kg6 (32... Kxf6 33. Qd6+
Kf5 34. Rf8+ Kg4 35. Qd1+ Kh4 36. g3+ Kh3 37. Qh5#) 33. Rg8+ Kh5 34. h3 Qc5 35.
Qf3+ g4 36. hxg4+ Kh4 37. Qg3# {Komodo11}) 26... Kh8 27. Rd8+ (27. Qe3 Rae8 28.
f4 Bc8 29. h3 Be6 $17) 27... Rxd8 28. Bxd8 Re8 (28... Rxe5 $19 {Komodo11}) 29.
Bc7 c5 $19 {the B joins the action at last} 30. e6 (30. Qf7 Qc6 31. f3 Bc8 32.
Bxa5 Be6 33. Qa7 Ra8 34. Qb6 Qd5 35. Kh1 Qa2 $132 {Komodo11}) 30... Qc6 31.
Bxa5 (31. Qg3 Rxe6 32. Rxe6 Qxe6 33. h4 a4 {and the Armada sets sail}) 31...
Qxg2# 0-1

[Event "WCPL: White Knights-Cardigan"]
[Site "?"]
[Date "2017.11.05"]
[Round "2.12"]
[White "Downey, Keith"]
[Black "Van Kemenade, Julie"]
[Result "1-0"]
[WhiteElo "1819"]
[BlackElo "1699"]
[Annotator "Rudy"]
[PlyCount "69"]
[EventDate "2017.11.06"]
[SourceDate "2017.10.24"]

1. c4 d6 2. d4 Nf6 3. Nc3 Nbd7 4. Nf3 e5 5. e4 g6 6. g3 Bg7 7. Bg2 O-O 8. O-O
Ne8 (8... c6 {main}) 9. Bg5 (9. Re1) (9. Be3 {main}) 9... f6 10. Be3 Qe7 $146 {
one of Komodo11's lines} (10... f5 11. exf5 gxf5 {main}) 11. Rc1 f5 (11... c6 {
Komodo11} 12. d5 c5 13. h3 f5 14. Qd2 Ndf6 15. Ng5 Nc7 $14) (11... h6 12. Nh4
Kh7 13. f4 $18) 12. Nd5 $18 Qd8 13. Ng5 Ndf6 14. dxe5 dxe5 15. f4 (15. Bc5 Nxd5
(15... c6 $2 16. Ne7+ {wins the Q}) (15... Nd6 16. Nxc7 $18) 16. h4 {Komodo11}
(16. Bxf8 Kxf8 17. Qd2 h6 18. Nf3 fxe4 19. Ne1 c6 20. cxd5 Qxd5 (20... cxd5 21.
Bxe4) 21. Qb4+ Kg8 22. Bxe4 Qf7 23. Nd3 $16 {Komodo11})) (15. exf5 $1 $18 {
Komodo11} c6 (15... gxf5 16. Bc5 Nxd5 17. Bxd5+ Kh8 18. Nxh7 $1 $18 {Komodo11})
16. Nxf6+ Bxf6 17. Qxd8 Bxd8 18. fxg6 hxg6 19. Nf3 Bc7 20. Bc5 $18) 15... Nxd5
(15... c6 $11 16. exf5 Bxf5 (16... cxd5 17. fxe5 Bxf5 18. Rxf5 gxf5 19. Ne6 Qe7
20. exf6 Rxf6 21. Bc5 Nd6 22. Nxg7 Kxg7 23. Bxd5 $16 {Komodo11}) 17. fxe5 Ng4
18. Rxf5 Nxe3 19. Rxf8+ Bxf8 20. Nf6+ Nxf6 21. Qxd8 Rxd8 22. exf6 Rd2 (22...
Nxg2 23. f7+ Kh8 24. Ne6 $18) 23. Bh3 Nf5 $11 {Komodo11}) 16. b3 {ingenious,
however} (16. exf5 $18) (16. fxe5 $18 {both Komodo11}) 16... h6 (16... exf4 {
Komodo11} 17. gxf4 (17. Bxf4 h6 18. exf5 (18. Nh3 fxe4 $17) 18... c6 19. cxd5
hxg5 20. dxc6 Qb6+ 21. Kh1 gxf4 $17) 17... h6 18. exf5 Rxf5 19. Ne4 Be6 20.
cxd5 Bxd5 21. Qe2 c6 $15) 17. Nh3 (17. exf5 hxg5 (17... Nef6 18. cxd5 exf4 19.
gxf4 hxg5 20. fxg5 Bxf5 21. gxf6 Bxf6 $11 {Komodo11}) 18. Bxd5+ Kh8 19. fxg5
Rxf5 20. Rxf5 Bxf5 21. g4 c6 (21... Bd7 22. Qf3 $18) 22. gxf5 cxd5 23. fxg6 Kg8
24. Qh5 $18 {Komodo11}) 17... fxe4 $11 18. cxd5 Bxh3 $5 (18... Qe7 $11) (18...
Nd6 $11 19. fxe5 Rxf1+ 20. Qxf1 Bxe5 21. Bxh6 Bf5 $11 {Komodo11}) 19. Bxh3 exf4
20. Bxf4 Nd6 (20... Kh8 $11) 21. Qc2 Bd4+ (21... g5) 22. Kh1 g5 23. Bxd6 Rxf1+
(23... Qxd6 24. Qxe4 Bg7 $14 {Komodo11}) 24. Rxf1 (24. Bxf1) 24... Qxd6 25.
Qxe4 Bg7 26. Be6+ Kh8 27. Rf7 (27. Kg2 Rf8 28. Rxf8+ Qxf8 29. Qa4 a6 30. Qd7
Be5 31. Bf5 Qg8 32. Be4 Bd6 33. Kh3 h5 34. Bd3 h4 35. Kg4 hxg3 36. hxg3 Be5 $16
{but Typical of Engines, Komodo11 now just keeps moving the Wh B on the same
diagonal}) 27... Qe5 {trying too hard} (27... Rf8 28. Qf5 (28. Qg6 Rxf7 29.
Qxf7 Qf8 {forces Qs off with a draw- Rudy}) 28... Rxf7 29. Bxf7 Qe7 30. Kg2
Qe2+ 31. Kh3 Qe7 $14 (31... g4+ 32. Kh4 (32. Qxg4 Qf1+ 33. Kh4 Qxf7 $19) 32...
Qxh2+ 33. Kxg4 Qe2+ 34. Kh3 Qe7 $11 {Komodo11})) 28. Qg6 $18 Qa1+ {a raid that
Bl can't afford} (28... a5 29. Kg2 Rg8 30. Kh3 (30. Bf5) 30... Qe2 31. a4 Qa6
32. d6 Qxd6 33. Rd7 Qa6 34. Qf7 Qa8 35. Kg4 Qe8 36. Qxg8+ Qxg8 37. Bxg8 Kxg8
38. Kh5 $18 {Komodo11}) 29. Kg2 Qxa2+ 30. Rf2 (30. Kh3 $1 {Komodo11} Qa1 31. d6
$1 (31. Bf5 Qf1+ $11) 31... cxd6 32. Bd5 Qc3 33. Rxb7 Qc8+ 34. Kg2 Qf8 35. Rf7
(35. Be4 Qg8 36. Rxg7 Qxg7 37. Qxg7+ Kxg7 38. Bxa8) 35... Qg8 36. Qxg7+ Qxg7
37. Rxg7 Kxg7 38. Bxa8) 30... Qa3 (30... Qa6 {holds out longer} 31. Kh3 Rg8 32.
Rf7 Qe2 33. Rf4 Qa6 34. Rf5 Rd8 35. Rf7 Rg8 36. d6 Qxd6 37. Rd7 g4+ 38. Qxg4
Qa6 39. Kg2 Qa2+ 40. Kg1 Qa1+ 41. Rd1 Bd4+ 42. Qxd4+ Qxd4+ 43. Rxd4 $18 {
Komodo11}) 31. Bf5 Kg8 32. Qh7+ (32. Be4 $1 Qd6 33. Qh7# {Komodo11}) 32... Kf8
33. Be6+ {other B moves it seems lead to forced mate} (33. Bg4+) (33. Bc8+) (
33. Bh3+) (33. Bg6+) 33... Ke7 34. Qxg7+ Kd6 35. Qd7+ 1-0